000 00784nam a2200253Ia 4500
003 OSt
005 20221005075239.0
006 a|||||r|||| 00| 0
007 ta
008 221004b |||||||| |||| 00| 0 urd d
020 _a9788180422652 (hb)
_cINR 250.00
024 _a42857
037 _b2137, 16/03/2019, M.R.Publications
_cTextual
040 _aCRL
_cCRL
_burd
041 _2urd
_aurd
082 _aO168,1N38:g, Q3
100 _aMittal Prem Gopal Co.
245 0 _aMakhmoor Saeedi
_b hama jahat funakar
260 _aNew Delhi
_bModern publishing house India
_c2013
300 _a400p.
_ccm.
650 _aURDU POETRY
942 _hO168,1N38:g, Q3
_cTEXL
_2cc
999 _c984173
_d984173